Elaboración del Manual de Organización y funciones de la División General de Investigación, Desarrollo y Capacitación aplicada de la Contraloría General de la República
Presenta una elaboración de un manual de organización y funciones por el cual se realizó un proceso de reingeniería que conllevo a conformar esta estructura con áreas y personal que formaban parte de otras dependencias de la misma institución y que posteriormente integran la nueva estructura....
| Main Authors: | , |
|---|---|
| Other Authors: | |
| Format: | Tesis Section = Libro |
| Language: | Undetermined Spanish |
| Published: |
Managua
UNI
2017
|
| Subjects: |
| LEADER | 01303nam a2200265Ia 4500 | ||
|---|---|---|---|
| 008 | 240830s9999 xx 000 0 und d | ||
| 040 | |a BIBLIOTECA-RUSB/ M.Mon 658.402 R173 | ||
| 041 | |a spa | ||
| 082 | |a M.Mon 658.402 R173 | ||
| 100 | 1 | |a Ramírez Téllez, Claudia Regina | |
| 100 | 1 | |b Vásquez Galo, María Alexander | |
| 245 | 1 | 0 | |a Elaboración del Manual de Organización y funciones de la División General de Investigación, Desarrollo y Capacitación aplicada de la Contraloría General de la República |
| 260 | |a Managua |b UNI |c 2017 | ||
| 300 | |a 102 p. :il. | ||
| 500 | |a Contiene: anexos. | ||
| 502 | |a Tesis (Máster en Dirección y Gestión de Empresas) - UNI, 2017. | ||
| 520 | 3 | |a Presenta una elaboración de un manual de organización y funciones por el cual se realizó un proceso de reingeniería que conllevo a conformar esta estructura con áreas y personal que formaban parte de otras dependencias de la misma institución y que posteriormente integran la nueva estructura. | |
| 650 | 7 | |a ORGANIZACIÓN INTERNA | |
| 650 | 7 | |b MANUAL ORGANIZACIONAL | |
| 650 | 7 | |c MANUAL DE FUNCIONES | |
| 650 | 7 | |d diagnóstico ORGANIZACIONAL-CONTRALORIA GENERAL | |
| 700 | 1 | |a Tutor: |b Zúñiga Morales, Gonzalo de Jesús | |
| 942 | |c BK |2 ddc | ||
| 991 | |a TESIS | ||
| 999 | |c 19417 | ||